000 00410man a2200121 a 4500
005 20250129134157.0
008 06
100 _aDR.Dachung,Fred.
_cVom Christian Hospital Centenary 100years
_d16-11-2024
_lEnglish
245 _aVom Christian Hospital Centenary
260 _aPlateau:
_bDR.Fredrick Dachung,
_c2024
_eJos south Plateau State Nigeria
_fVom Christain Hospital
_g2024
300 _a100ps.
_c20cm
942 _2ddc
_k3824
999 _c19
_d19